Normal view
MARC view
- Beasley, Jeffrey S Rico, Guillermo
Entry Corporate Name
001 - CONTROL NUMBER
- control field: 98770
003 - CONTROL NUMBER IDENTIFIER
- control field: NUST
005 - DATE AND TIME OF LATEST TRANSACTION
- control field: 20220902154840.0
008 - FIXED-LENGTH DATA ELEMENTS
- fixed length control field: 220902|| aca||aabn | a|a d
040 ## - CATALOGING SOURCE
- Original cataloging agency: NUST
- Transcribing agency: NUST
110 ## - HEADING--CORPORATE NAME
- Corporate name or jurisdiction name as entry element: Beasley, Jeffrey S Rico, Guillermo
670 ## - SOURCE DATA FOUND
- Source citation: Work cat.: (NUST): Bogart, Theodore F. 83343, Electronic Devices and Circuits, 2004.
